000 00523cas a2200181 4500
008 150730n eng u
020 _a1560069090
035 _a(Sirsi) a191300
050 _aRC 547 STE 2003
100 _aStewart, Gail B.
245 _aSleep disorders/
_c Gail B. Stewart.
260 _aSan Diego:
_b Lucent Books,
_c 2003.
300 _a112p.:
_bill.
440 _aDiseases and disorders.
500 _aIncludes bibliographical references and index.
650 _aSleep.
650 _aSleep disorders.
999 _c36598
_d36598